Hospodárenie príspevkových organizácií v zriaďovateľskej pôsobnosti obce
Subjekty verejnej správy. Definícia príspevkovej organizácie. Hospodárenie s verejnými prostriedkami. Podnikateľská činnosť.
Gespeichert in:
| 1. Verfasser: | |
|---|---|
| Format: | Buchkapitel |
| Sprache: | Slowakisch |
| Schlagworte: | |
| Tags: |
Keine Tags, Fügen Sie das erste Tag hinzu!
|
MARC
| LEADER | 00000naa a2200000 4500 | ||
|---|---|---|---|
| 001 | 0148190 | ||
| 005 | 20231208081943.1 | ||
| 041 | 0 | |a slo | |
| 044 | |a SK | ||
| 245 | 1 | 0 | |a Hospodárenie príspevkových organizácií v zriaďovateľskej pôsobnosti obce |c Anna Ľaliková |
| 520 | |a Subjekty verejnej správy. Definícia príspevkovej organizácie. Hospodárenie s verejnými prostriedkami. Podnikateľská činnosť. | ||
| 610 | 2 | 0 | |a organizácie príspevkové |
| 610 | 2 | 0 | |a správa verejná |
| 610 | 2 | 0 | |a obce |
| 610 | 2 | 0 | |a hospodárenie finančné |
| 610 | 2 | 0 | |a pravidlá rozpočtové |
| 100 | 1 | |a Ľaliková, Anna | |